Loading...
Philosophy | 0 | 3 | 0 | 1 | 30 | 82 | 114.67 | 2 | 3 |
Fine Arts - Auditory Fine Arts | 0 | 3 | 0 | 1 | 30 | 101 | 122.00 | 1 | 3 |
Social Science | 0 | 2 | 0 | 0 | 20 | 79 | 106.50 | 0 | 2 |
Religion | 0 | 2 | 0 | 0 | 20 | 126 | 130.00 | 2 | 2 |
Science - Other Science | 0 | 2 | 0 | 0 | 20 | 81 | 86.50 | 0 | 2 |
Science - Physics | 0 | 2 | 0 | 1 | 20 | 127 | 127.50 | 0 | 2 |
Literature - British Literature | 1 | 0 | 0 | 0 | 15 | 48 | 48.00 | 0 | 1 |
History - Ancient History | 0 | 2 | 1 | 0 | 15 | 66 | 82.50 | 0 | 2 |
Other Academic | 0 | 1 | 0 | 0 | 10 | 119 | 119.00 | 0 | 1 |
Science - Biology | 0 | 1 | 0 | 1 | 10 | 132 | 132.00 | 0 | 1 |
Literature - American Literature | 0 | 1 | 0 | 0 | 10 | 109 | 109.00 | 0 | 1 |
Mythology | 0 | 1 | 1 | 0 | 5 | 126 | 126.00 | 0 | 1 |
History - European History | 0 | 1 | 1 | 1 | 5 | 139 | 139.00 | 0 | 1 |
Fine Arts - Visual Fine Arts | 0 | 1 | 2 | 0 | 0 | 151 | 151.00 | 0 | 1 |
History - World History | 0 | 0 | 1 | 0 | -5 | 0.00 | 0 | 0 | |
Literature - European Literature | 0 | 0 | 1 | 0 | -5 | 0.00 | 0 | 0 | |
Geography | 0 | 0 | 1 | 0 | -5 | 0.00 | 0 | 0 |